|
|
|
|
| LEADER |
01199nam a2200277 a 4500 |
| 001 |
14677312 |
| 003 |
BD-DhAAL |
| 008 |
100520s2008 maua 000 0 eng d |
| 010 |
|
|
|a 2006102821
|
| 040 |
|
|
|a DLC
|c DLC
|d DLC
|d BD-DhAAL
|
| 082 |
0 |
0 |
|a 658.15/11
|2 22
|
| 100 |
1 |
|
|a Garrison, Ray H.
|
| 245 |
1 |
0 |
|a Solutions manual to managerial accounting /
|c Ray H. Garrison, Eric W. Noreen, Peter C. Brewer.
|
| 250 |
|
|
|a Twelfth edition.
|
| 260 |
|
|
|a Boston :
|b McGraw-Hill/Irwin,
|c c2008.
|
| 300 |
|
|
|a 924 pages :
|b col. illustrations ;
|c 29 cm
|
| 526 |
|
|
|x Md. Zakir hossain Sharkar
Sr. Lecturer
BBS
Course named and no: N/A
|
| 541 |
1 |
|
|a Essence science publications
|e 00018322
|
| 650 |
|
0 |
|a Managerial accounting.
|
| 650 |
|
0 |
|a Management.
|
| 700 |
1 |
|
|a Noreen, Eric W.
|
| 700 |
1 |
|
|a Brewer, Peter C.
|
| 852 |
4 |
|
|a Ayesha Abed Library
|j General shelf
|
| 942 |
|
|
|2 ddc
|c BK
|
| 999 |
|
|
|c 8660
|d 8660
|
| 952 |
|
|
|0 0
|1 0
|2 ddc
|4 0
|6 658_151100000000000_GAR_2008
|7 0
|9 10397
|a BRACUL
|b BRACUL
|c GEN
|d 2010-05-20
|e Essence science publications
|g 300.00
|l 23
|m 214
|o 658.1511 GAR
|p 3010018322
|r 2023-01-17
|s 2022-11-01
|t 1
|w 2010-05-20
|y BK
|x Requisitioned by Md. Zakir hossain Sharkar, Sr. Lecturer, BBS. Course name and no. "not available".
|